Detalles MARC
| 000 -LIDER |
| fixed length control field |
02110nam a2200301 a 4500 |
| 001 - NÚMERO DE CONTROL |
| Identificador de número de control |
|
| 003 - IDENTIFICACDOR DE NÚMERO DE CONTROL |
| control field |
DO-SdBNP |
| 005 - DATE AND TIME OF LATEST TRANSACTION |
| control field |
20210819134449.0 |
| 008 - ELEMENTOS DE LONGITUD FIJA |
| fixed length control field |
091013s2007 dr 001 0 spa d |
| 020 ## - ISBN |
| International Standard Book Number |
9789945861327 |
| 040 ## - FUENTE DE CATALOGACIÓN |
| Agencia que crea de manera original el registro |
DO-SdBNP |
| Idioma de catalogación |
spa |
| Agencia que realiza la transcripción |
BPMSU |
| 082 ## - NÚMERO DE CLASIFICACIÓN DECIMAL DE DEWEY |
| Classification number |
RD860.409 |
| Item number |
I37d, 2007 |
| Edition number |
22 |
| 100 1# - ASIENTO PRINCIPAL -- NOMBRE PERSONAL |
| Nombre personal |
Incháustegui Cabral, Héctor, |
| Fechas asociadas con el nombre |
1912-1979. |
| 245 10 - MENCIÓN DE TITULO |
| Título |
De literatura dominicana siglo veinte / |
| Mención de responsabilidad |
Héctor Incháustegui Cabral ; presentación Daniel Toribio. |
| 260 ## - PUBLICACIÓN, DISTRIBUCIÓN, ETC. (PIE DE IMPRENTA) |
| Lugar de publicación, distribución, etc |
Santo Domingo : |
| Nombre del editor, distribuidor, etc. |
BanReservas : |
| -- |
Sociedad Dominicana de Bibliófilos, |
| Fecha de publicación, distribución, etc |
|
| 300 ## - DESCRIPCIÓN FÍSICA |
| Extensión |
434 p. ; |
| Dimensiones |
19 cm. |
| 490 0# - MENCIÓN DE SERIES |
| Mención de serie |
Bibliófilos-BanReservas, |
| Volume/sequential designation |
2 |
| 500 ## - NOTA GENERAL |
| Nota general |
Incluye índice de nombres. |
| 504 ## - NOTA DE BIBLIOGRAFÍA, ETC. |
| Bibliography, etc |
Bibliografía: p. 374-401 |
| 505 0# - NOTA DE CONTENIDO |
| Título |
Presentación / |
| Mención de responsabilidad |
Daniel Toribio -- |
| Título |
Exordio / |
| Mención de responsabilidad |
Mariano Mella -- |
| Título |
De literatura dominicana siglo veinte / |
| Mención de responsabilidad |
Andrés L. Mateo -- |
| Título |
Las ciegas esperanzas -- |
| -- |
El tiempo, la muerte y la poesía -- |
| -- |
La puerta abierta -- Los árboles y el bosque -- |
| -- |
La esfinge de sal - |
| -- |
El pez rojo -- |
| -- |
La mancha en el lavabo -- |
| -- |
La araña sobre la tela rota -- |
| -- |
Cartas a Sergio -- |
| -- |
Ensayos sobre temas diversos -- |
| -- |
La angustia de la patria en Deligne -- |
| -- |
La ciudad como novela -- |
| -- |
Vida y novela -- |
| -- |
Poesía y poetas -- |
| -- |
Café derramado en la camisa -- |
| -- |
Una carta a Joaquín -- |
| -- |
La raya en el corazón -- |
| -- |
Los analfabetismos fundamentales -- |
| -- |
Rosa, Rosa, dame un gancho -- |
| -- |
El dominicano en peligro de asfixia moral -- |
| -- |
Los poetas más allá de las trincheras o la política y la poesía-- |
| -- |
Novela e indagación social -- |
| -- |
Los enemigos de la tierra, de Requena -- |
| -- |
La Mañosa, de Bosch -- |
| -- |
Over, de Marrero -- |
| Información miscelánea |
Epílogos -- |
| Título |
Con perdón, el sexo -- |
| -- |
Las ediciones -- |
| -- |
Crónica del Sur -- |
| -- |
Entre dos antes y un después -- |
| -- |
El otro lado del cañamazo -- |
| -- |
Guía de escritores dominicanos mencionados. |
| 590 ## - NOTA LOCAL |
| Texto de la nota local |
Inventariado, 2021/VM |
| 650 #4 - ENCABEZAMIENTO DE MATERIA--TEMÁTICO |
| Término temático o nombre geográfico como elemento de entrada |
Literatura dominicana |
| Subdivisión temática general |
Historia y crítica |
| Subdivisión cronológica |
Siglo XX |
| 650 #4 - ENCABEZAMIENTO DE MATERIA--TEMÁTICO |
| Término temático o nombre geográfico como elemento de entrada |
Autores dominicanos |
| Subdivisión temática general |
Historia y crítica |
| Subdivisión cronológica |
Siglo XX |
| 700 1# - ASIENTO SECUNDARIO -- NOMBRE PERSONAL |
| Nombre personal |
Toribio, Daniel |
| 710 2# - ASIENTO SECUNDARIO -- NOMBRE CORPORATIVO |
| Nombre corporativo o de jurisdicción |
Sociedad Dominicana de Bibliófilos |
| 910 ## - VALIDACIÓN |
| Validación |
VMateo V- |
| 942 ## - ADDED ENTRY ELEMENTS (KOHA) |
| Source of classification or shelving scheme |
Dewey Decimal Classification |
| Koha item type |
Libros |